00255nam a2200109Ia 4500008004100000245003200041260003200073260000900105300001000114500000800124650001300132170224s9999 xx 000 0 und d aCaring for Patients in Pain bAmerican Journal of Nursing c2016 a116:5 aMay xNursing.